Legenda o svaté Kateřině /

Další autoři: Vilikovský, Jan, 1904-1946, Svolinský, Karel, 1896-1986, Kaláb, Method, 1885-1963, Svoboda, Jindřich, 1909-2001
Jazyk: Čeština
Vydáno: Praha : Spolek českých bibliofilů, 1941
Témata:
Externí odkaz: Digitalizovaný dokument
Fyzický popis: 189 s. : barev. il. ; 29 cm
Knihy
Uloženo v:
LEADER 02300nam a22005292a 4500
001 000261096
003 CZ BrMZK
005 20141001131124.0
008 010907s1941 xr af f cze d
015 |a cnb000120744 
035 |a (OCoLC)84913012 
040 |a ABA001  |b cze 
045 |a g-h0  |a r-r- 
072 7 |a 821.162.3-1  |x Česká poezie  |2 Konspekt  |9 25 
080 9 |a 885.0-1 
080 9 |a 885.0-34 
080 9 |a 82.033 
080 9 |a 23/28 
080 9 |a 929 
080 |a (0:82-343)  |2 MRF 
080 |a (0:82-1)  |2 MRF 
080 |a (0.027.6)  |2 MRF 
245 0 0 |a Legenda o svaté Kateřině /  |c staročeský text přepsal a studií jej doprovodil Jan Vilikovský ; litograficky kolorované dřevoryty Karla Svolinského ; v typografické úpravě Methoda Kalába 
260 |a Praha :  |b Spolek českých bibliofilů,  |c 1941 
300 |a 189 s. :  |b barev. il. ;  |c 29 cm 
500 |a Bibliofilie 
500 |a Sáňka 3856 
500 |a Vydáno 320 výtisků na holandském papíře 
500 |a Obsahuje slovníček a poznámku o přepise 
500 |a Výtis s čarovým kódem 2619222143 svázal Jindřich Svoboda 
500 |a Dostupné též v digitální podobě v aplikaci Kramerius 
600 0 7 |a Kateřina Alexandrijská,  |c svatá,  |d 289-307  |7 jn20000700864  |2 czenas 
648 7 |a 14. století  |7 ch460552  |2 czenas 
650 0 7 |a staročeské legendy  |7 ph126041  |y 14. stol.  |2 czenas 
655 7 |a legendy  |7 fd132726  |2 czenas 
655 7 |a poezie  |7 fd131936  |2 czenas 
655 7 |a studie  |7 fd133597  |2 czenas 
655 7 |a bibliofilie  |7 fd131893  |2 czenas 
700 1 |a Vilikovský, Jan,  |d 1904-1946  |7 jk01142370  |4 trl  |4 wfw 
700 1 |a Svolinský, Karel,  |d 1896-1986  |7 jk01122138  |4 ill 
700 1 |a Kaláb, Method,  |d 1885-1963  |7 jk01052586  |4 com 
700 1 |a Svoboda, Jindřich,  |d 1909-2001  |7 jn99240001147  |4 art 
856 4 1 |u http://www.digitalniknihovna.cz/mzk/uuid/uuid:35aa4020-3d43-11e3-b326-005056827e52  |y Digitalizovaný dokument  |x NDK 
910 |a BOA001  |b Bf2-0271.600 
990 |a BK 
996 6 |b 2619222143  |c Bf2-0271.600  |l Stud. starých tisků/4.patro  |r Sklad / do násl. otevíracího dne  |n 4  |w 000261096  |u 000020  |a 1  |e BOA001  |j MZK50  |s P 
996 6 |b 2619876131  |c Bf2-0271.600  |l Stud. starých tisků/4.patro  |r Sklad / do násl. otevíracího dne  |n 7  |w 000261096  |u 000010  |a 1  |e BOA001  |j MZK50  |s P